Plus longs fleuves et rivières françaises sur une carte vierge - Statistiques

Statistiques générales
  • Ce quiz a été pris 1 067 fois
  • Le résultat moyen est 14 sur 21
Réponses sur la Carte
Les réponses sont colorées sur une échelle allant du rouge au vert en fonction du pourcentage des utilisateurs qui les ont devinées à leur premier essai. Vous pouvez retrouver ces pourcentages ci-dessous.
 
Statistiques - réponses
Cours d'eau Longeur (km) % Correct
Seine 775
99%
Rhône 545
98%
Loir 319
97%
Garonne 523
94%
Loire 1006
90%
Saône 473
74%
Marne 514
67%
Cher 365
66%
Meuse 486
66%
Moselle 314
66%
Dordogne 483
61%
Tarn 380
61%
Lot 485
58%
Oise 327
54%
Charente 381
51%
Doubs 430
48%
Vienne 372
48%
Allier 421
46%
Durance 323
40%
Aisne 356
38%
Sarthe 314
38%
Aucun quiz correspondant
Distribution des résultats
% des personnes avec chaque résultat
Percentile par nombre de réponses
Votre historique - résultats
Vous n’avez pas pris ce quiz